000
00342 a2200157 4500
001
162429
020
_a
040
_c
Magnum
100
_a
Powell, Jonh
240
1
0
_a
Arrancar mascaras! abandonar papeis!
_l
por
245
1
0
_a
Arrancar mascaras! abandonar papeis!
362
0
_a
1899
440
1
_a
Loyola
697
_a
GERAL
942
_c
BK
999
_c
162429
_d
162429